Sur quelques détails d´éxecution des épreuves de gélivité des pierres / (Record no. 159068)

MARC details
000 -LEADER
campo de control de longitud fija 00901nam a2200181 i 4500
001 - NÚMERO DE CONTROL
campo de control 159068
003 - IDENTIFICADOR DE NÚMERO DE CONTROL
campo de control ES-MaACL
005 - FECHA Y HORA DE LA ÚLTIMA TRANSACCIÓN
campo de control 20230906211433.0
008 - DATOS DE LONGITUD FIJA--INFORMACIÓN GENERAL
campo de control de longitud fija 011126s1900 fr |||| | fre d
100 1# - ENTRADA PRINCIPAL--NOMBRE DE PERSONA
Nombre de persona Marvá y Mayer, José.
9 (RLIN) 78576
245 10 - MENCIÓN DEL TÍTULO
Título Sur quelques détails d´éxecution des épreuves de gélivité des pierres /
Mención de responsabilidad, etc. communication présentée par J. Marva Mayer ; Congres International des Methodes d'Essai des Matériaux de Construction tenu à Paris du 9 au Juillet 1900.
260 ## - PUBLICACIÓN, DISTRIBUCIÓN, ETC.
Lugar de publicación, distribución, etc. Paris :
Nombre del editor, distribuidor, etc. Vde. Ch. Dunod,
Fecha de publicación, distribución, etc. 1900 (
Fabricante Imp. Lahure)
300 ## - DESCRIPCIÓN FÍSICA
Extensión 14, [12] p. ;
Dimensiones 33 cm.
500 ## - NOTA GENERAL
Nota general Descripción basada en cub.
650 #4 - PUNTO DE ACCESO ADICIONAL DE MATERIA--TÉRMINO DE MATERIA
Término de materia o nombre geográfico como elemento de entrada Materiales de construcción.
9 (RLIN) 14844
711 2# - ENTRADA AGREGADA--NOMBRE DE REUNIÓN
Nombre de congreso/reunión o jurisdicción como elemento de entrada Congres International des Methodes d´Essai des Matériaux de Construction (
Fecha del congreso o de la firma del tratado 1900.
Sede del congreso/Lugar de la reunión París)
9 (RLIN) 135081
852 ## - LOCALIZACIÓN
Ubicación ES-MaACL
Número de control de estantería T-992-F-7
Nota libre - Enc. hol. conservando cub. original
-- - Enc. en un vol. facticio
Holdings
Estatus retirado Estado de pérdida Estado de daño No para préstamo Colección Biblioteca de origen Biblioteca actual Ubicación en estantería Fecha de adquisición Total de préstamos Signatura topográfica completa Código de barras Visto por última vez Precio de reemplazo Tipo de ítem Koha
        Colección de folletos Biblioteca del Ateneo de Madrid Biblioteca del Ateneo de Madrid Depósito folletos 17/01/2008   T-992-F-7 1166521 23/02/2023 23/02/2023 Folleto